01048nab a22002297a 4500999001500000003000400015005001700019008004100036040000700077100002400084245014600108300001300254500003800267505019300305505007200498650002800570650003500598650003500633700002900668773010800697942001300805 c6257d6257OSt20260128020823.0190514b xxu||||| |||| 00| 0 spa d cPJ 92251aFlah, Lily R.13aEl Civil y Comercial de la Nación, las directivas anticipadas y su interacción con la jurisprudencia /cLily R. Flah, Rosana I. Aguilar.  ap. 76-86 aCita: TR LALEY AR/DOC/2505/2025.  aSumario: I. Introducción.— II. El derecho a la autodeterminación como derivación del principio de dignidad humana.— III. Las directivas anticipadas en la legislación nacional.  tSi te interesa el texto, comunicate a koha@justierradelfuego.gov.ar 09967aDERECHO DE FAMILIA 091497aCODIGO CIVIL Y COMERCIAL 091057aJURISPRUDENCIA APLICABLE 93801aAguilar, Rosana I.0 0284493222dBuenos Aires : AbeledoPerrot, 1989-tDerecho de familia. N° 122 - Noviembre 2025z18511201 2udccANA